[Event "70th ch-RUS 2017"]
[Site "St Petersburg RUS"]
[Date "2017.12.07"]
[Round "5.1"]
[White "Fedoseev, Vladimir3"]
[Black "Inarkiev, Ernesto"]
[Result "1/2-1/2"]
[WhiteTitle "GM"]
[BlackTitle "GM"]
[WhiteElo "2718"]
[BlackElo "2689"]
[WhiteFideId "24130737"]
[BlackFideId "4162722"]
[EventDate "2017.12.03"]

1. d4 Nf6 2. c4 e6 3. Nf3 d5 4. g3 dxc4 5. Bg2 c5 6. O-O Nc6 7. dxc5 Qxd1 8.
Rxd1 Bxc5 9. Nbd2 c3 10. bxc3 O-O 11. Nb3 Be7 12. c4 Bd7 13. Bb2 Rfd8 14. Nfd4
Rac8 15. Nb5 b6 16. Nd6 Bxd6 17. Rxd6 Be8 18. Rxd8 Nxd8 19. Rc1 Bc6 20. c5 Bxg2
21. Kxg2 Nd7 22. cxb6 Rxc1 23. Bxc1 axb6 24. Nd4 f6 25. Kf3 Kf7 26. Ke3 Ke8 27.
h4 Ne5 28. Ke4 Kd7 29. f4 Ng4 30. f5 e5 31. Nb5 Kc6 32. Na7+ Kb7 33. Nb5 Kc6 34.
Nc3 Nf7 35. Kf3 h5 36. Ba3 Nd6 37. e4 Nb5 38. Nxb5 Kxb5 39. Bf8 Kc4 40. Bxg7 b5
41. Bf8 Kd3 42. Be7 Nh2+ 43. Kg2 Ng4 44. Kf3 Kd2 45. Bb4+ Kd3 1/2-1/2

[Event "70th ch-RUS 2017"]
[Site "St Petersburg RUS"]
[Date "2017.12.07"]
[Round "5.2"]
[White "Malakhov, Vladimir"]
[Black "Matlakov, Maxim"]
[Result "1/2-1/2"]
[WhiteTitle "GM"]
[BlackTitle "GM"]
[WhiteElo "2686"]
[BlackElo "2735"]
[WhiteFideId "4120787"]
[BlackFideId "4168003"]
[EventDate "2017.12.03"]

1. Nf3 d5 2. g3 g6 3. Bg2 Bg7 4. d4 Nf6 5. O-O O-O 6. c4 dxc4 7. Na3 c5 8. Nxc4
Be6 9. b3 Nc6 10. Bb2 cxd4 11. Nxd4 Nxd4 12. Qxd4 Qxd4 13. Bxd4 Nd5 14. Rfd1
Rad8 15. Bxg7 Kxg7 16. Rd3 b5 17. Bxd5 Rxd5 18. Rxd5 Bxd5 19. Ne3 Be6 20. Rc1
Rd8 21. Kf1 a5 22. Ke1 a4 23. Rc5 axb3 24. axb3 Bxb3 25. Rxb5 Be6 26. Rb7 Kf6
27. h4 h5 28. f3 Rd7 1/2-1/2

[Event "70th ch-RUS 2017"]
[Site "St Petersburg RUS"]
[Date "2017.12.07"]
[Round "5.3"]
[White "Vitiugov, Nikita"]
[Black "Sjugirov, Sanan"]
[Result "1/2-1/2"]
[WhiteTitle "GM"]
[BlackTitle "GM"]
[WhiteElo "2722"]
[BlackElo "2650"]
[WhiteFideId "4152956"]
[BlackFideId "4189302"]
[EventDate "2017.12.03"]

1. d4 Nf6 2. c4 e6 3. Nf3 d5 4. Nc3 Nbd7 5. cxd5 exd5 6. Bg5 Be7 7. e3 c6 8. Qc2
Nh5 9. Bxe7 Qxe7 10. O-O-O Nb6 11. Ne5 g6 12. Bd3 Be6 13. Kb1 Nf6 14. Rc1 Nfd7
15. Nxd7 Qxd7 16. Ka1 Qe7 17. h4 h6 18. g3 Qf6 19. Rhf1 g5 20. hxg5 hxg5 21. f4
gxf4 22. gxf4 O-O-O 23. f5 Bd7 24. a4 Kb8 25. a5 Na8 26. Na4 Nc7 27. Qb3 Bc8 28.
Rc3 Rhe8 29. Nc5 Rxe3 30. Ba6 Rxc3 31. bxc3 Nxa6 32. Nxa6+ Ka8 33. Nc7+ Kb8 34.
Na6+ Ka8 35. Nc7+ Kb8 1/2-1/2

[Event "70th ch-RUS 2017"]
[Site "St Petersburg RUS"]
[Date "2017.12.07"]
[Round "5.4"]
[White "Dubov, Daniil"]
[Black "Tomashevsky, Evgeny"]
[Result "0-1"]
[WhiteTitle "GM"]
[BlackTitle "GM"]
[WhiteElo "2683"]
[BlackElo "2713"]
[WhiteFideId "24126055"]
[BlackFideId "4147235"]
[EventDate "2017.12.03"]

1. e4 e5 2. Nc3 Nf6 3. f4 d5 4. fxe5 Nxe4 5. Qf3 Nxc3 6. bxc3 c5 7. Bb5+ Nc6 8.
Qg3 Qb6 9. Rb1 Be6 10. Nf3 O-O-O 11. Rb2 h6 12. O-O Qc7 13. Bxc6 Qxc6 14. d3 Be7
15. Rb3 g5 16. Qf2 Rd7 17. a4 Kb8 18. a5 Rc8 19. Bd2 Qa4 20. Rfb1 Qxa5 21. Rb5
Qd8 22. Be3 Rdc7 23. Nd2 b6 24. Nf1 Rb7 25. Ng3 Qd7 26. Nh5 Qc6 27. R5b2 Qc7 28.
d4 cxd4 29. Bxd4 Bc5 30. Nf6 Bxd4 31. cxd4 Qc3 32. h3 Rc4 33. Kh1 Qxd4 34. Qe2
g4 35. hxg4 Bxg4 36. Qe1 Be6 37. Rb4 Rbc7 38. Ne8 Rxb4 39. Rxb4 Qc3 40. Qh4 Qa1+ 0-1

[Event "70th ch-RUS 2017"]
[Site "St Petersburg RUS"]
[Date "2017.12.07"]
[Round "5.5"]
[White "Volkov, Sergey"]
[Black "Riazantsev, Alexander"]
[Result "0-1"]
[WhiteTitle "GM"]
[BlackTitle "GM"]
[WhiteElo "2645"]
[BlackElo "2650"]
[WhiteFideId "4122763"]
[BlackFideId "4125029"]
[EventDate "2017.12.03"]

1. d4 Nf6 2. c4 g6 3. Nc3 d5 4. Nf3 Bg7 5. Qb3 dxc4 6. Qxc4 O-O 7. e4 a6 8. Be2
b5 9. Qb3 c5 10. dxc5 Nbd7 11. Be3 Ng4 12. c6 Nxe3 13. cxd7 Nxg2+ 14. Kf1 Qxd7
15. Kxg2 Qh3+ 16. Kg1 Be6 17. Qc2 Rac8 18. Ng5 Qh4 19. Qd2 Rc5 20. f4 b4 21. Nd5
Rc2 22. Qe1 Bd4+ 23. Kg2 Qg4+ 24. Kf1 Qh3+ 0-1

[Event "70th ch-RUS 2017"]
[Site "St Petersburg RUS"]
[Date "2017.12.07"]
[Round "5.6"]
[White "Svidler, Peter"]
[Black "Romanov, Evgeny"]
[Result "1-0"]
[WhiteTitle "GM"]
[BlackTitle "GM"]
[WhiteElo "2765"]
[BlackElo "2626"]
[WhiteFideId "4102142"]
[BlackFideId "4148843"]
[EventDate "2017.12.03"]

1. e4 c5 2. Nf3 e6 3. d4 cxd4 4. Nxd4 a6 5. Bd3 Bc5 6. Nb3 Ba7 7. Nc3 d6 8. Qe2
Ne7 9. Be3 Nbc6 10. f4 b5 11. a4 b4 12. Nd1 Ng6 13. g3 O-O 14. Bxa7 Rxa7 15. Ne3
Na5 16. Nxa5 Qxa5 17. b3 Qc5 18. O-O-O Ne7 19. Bc4 Bb7 20. Qd3 Rd8 21. Rhf1 Nc6
22. Kb1 Bc8 23. g4 Na5 24. f5 Nxc4 25. Nxc4 a5 26. Qd4 Qxd4 27. Rxd4 h5 28. Rxd6
Rxd6 29. Nxd6 Ba6 30. Rg1 hxg4 31. fxe6 fxe6 32. Rxg4 e5 33. Rg6 Be2 34. Re6 Ra6
35. Re8+ Kh7 36. Nf5 g6 37. Re7+ Kg8 38. Ne3 Rf6 39. Rxe5 Rf2 40. Rxa5 Rxh2 41.
Ra7 Bf3 42. Nd5 g5 43. Nf6+ Kh8 44. a5 Rh6 45. e5 g4 46. Rc7 1-0

[Event "70th ch-RUS 2017"]
[Site "St Petersburg RUS"]
[Date "2017.12.09"]
[Round "6.1"]
[White "Inarkiev, Ernesto"]
[Black "Romanov, Evgeny"]
[Result "1/2-1/2"]
[WhiteTitle "GM"]
[BlackTitle "GM"]
[WhiteElo "2689"]
[BlackElo "2626"]
[WhiteFideId "4162722"]
[BlackFideId "4148843"]
[EventDate "2017.12.03"]

1. d4 d5 2. c4 c6 3. Nf3 Nf6 4. g3 Bf5 5. Nc3 e6 6. Nh4 Be4 7. f3 Bg6 8. Qb3 Qb6
9. c5 Qc7 10. Bf4 Qc8 11. e4 Nbd7 12. exd5 Nxd5 13. Nxd5 cxd5 14. Nxg6 hxg6 15.
Rc1 a6 16. Qc2 Nb8 17. b4 Nc6 18. Qd2 Be7 19. Kf2 O-O 20. Be2 Qd8 21. Rhd1 g5
22. Be3 f5 23. Kg2 Bf6 24. a4 a5 25. b5 Nb4 26. Re1 Re8 27. Bd1 Rc8 28. Bb3 Rc7
29. Rcd1 g6 30. Re2 e5 31. dxe5 Rxe5 32. Bf2 Rxe2 33. Qxe2 Kg7 34. Qd2 Rd7 35.
Qc1 Qc7 36. Kf1 Rd8 37. Be1 d4 38. Bxb4 axb4 39. Qc4 d3 40. Rxd3 Rxd3 41. Qxd3
Qxc5 42. a5 Kh6 43. Bc2 Qc7 44. a6 bxa6 45. bxa6 Qa5 46. Kg2 Qa1 47. Qd6 Qc3 48.
Bxf5 gxf5 49. a7 Qb2+ 50. Kh3 Qa1 51. Kg2 Kg6 52. Qd7 Qa2+ 53. Kg1 Qb1+ 54. Kf2
Qc2+ 55. Kg1 Qc5+ 56. Kg2 Qc2+ 57. Kg1 Qc1+ 58. Kg2 Qb2+ 59. Kf1 Qc1+ 60. Kg2
Qc2+ 1/2-1/2

[Event "70th ch-RUS 2017"]
[Site "St Petersburg RUS"]
[Date "2017.12.09"]
[Round "6.2"]
[White "Riazantsev, Alexander"]
[Black "Svidler, Peter"]
[Result "1/2-1/2"]
[WhiteTitle "GM"]
[BlackTitle "GM"]
[WhiteElo "2650"]
[BlackElo "2765"]
[WhiteFideId "4125029"]
[BlackFideId "4102142"]
[EventDate "2017.12.03"]

1. d4 Nf6 2. c4 g6 3. Nc3 d5 4. cxd5 Nxd5 5. Bd2 Nb6 6. e3 Bg7 7. f4 O-O 8. Nf3
c5 9. dxc5 N6d7 10. Ne4 Bxb2 11. Rb1 Bg7 12. Bc4 Na6 13. Bxa6 bxa6 14. Rc1 Nb8
15. O-O Qd5 16. Nf2 Bb7 17. Qa4 Rc8 18. e4 Qc6 19. Qa3 Nd7 20. Rfe1 Rab8 21. Be3
Qc7 22. Rc2 Bc6 23. Qxa6 Rb4 24. Bd2 Ra4 25. Qd3 Rd8 26. Qb3 Rb8 27. Qd3 Rd8 28.
Qb3 Rb8 29. Qd3 1/2-1/2

[Event "70th ch-RUS 2017"]
[Site "St Petersburg RUS"]
[Date "2017.12.09"]
[Round "6.3"]
[White "Tomashevsky, Evgeny"]
[Black "Volkov, Sergey"]
[Result "1-0"]
[WhiteTitle "GM"]
[BlackTitle "GM"]
[WhiteElo "2713"]
[BlackElo "2645"]
[WhiteFideId "4147235"]
[BlackFideId "4122763"]
[EventDate "2017.12.03"]

1. d4 d5 2. c4 c6 3. Nf3 Nf6 4. Nc3 a6 5. c5 Nbd7 6. Bf4 Nh5 7. Bd2 Nhf6 8. Rc1
g6 9. g3 Bg7 10. Bg2 O-O 11. O-O Ne8 12. Na4 a5 13. Qc2 Nc7 14. e4 dxe4 15. Qxe4
Nf6 16. Qh4 Be6 17. a3 Bb3 18. Nb6 Ra6 19. Rfe1 a4 20. Nc4 Nb5 21. Be3 Bxc4 22.
Rxc4 Nd5 23. Bg5 Re8 24. Rc2 Qc7 25. Bh6 Bf6 26. Bg5 Bg7 27. Bh6 Bf6 28. Qe4
Raa8 29. Rc4 e6 30. h4 Bh8 31. Qc2 b6 32. Re2 Na7 33. cxb6 Nxb6 34. Rb4 Bf6 35.
Bf4 Qd8 36. Bg5 Bxg5 37. hxg5 Rb8 38. Qc5 Re7 39. Ne5 Reb7 40. Bxc6 Rc8 41. Bxb7
Rxc5 42. dxc5 Qd1+ 43. Kg2 Nd7 44. Bf3 Nxc5 45. Rb8+ Kg7 46. Ng4 Nd7 47. Rb7 Nc8
48. Rxe6 Qd2 49. Re2 Qd6 50. Re8 Ncb6 51. Nh6 1-0

[Event "70th ch-RUS 2017"]
[Site "St Petersburg RUS"]
[Date "2017.12.09"]
[Round "6.4"]
[White "Sjugirov, Sanan"]
[Black "Dubov, Daniil"]
[Result "1/2-1/2"]
[WhiteTitle "GM"]
[BlackTitle "GM"]
[WhiteElo "2650"]
[BlackElo "2683"]
[WhiteFideId "4189302"]
[BlackFideId "24126055"]
[EventDate "2017.12.03"]

1. d4 Nf6 2. c4 g6 3. Nc3 d5 4. cxd5 Nxd5 5. e4 Nxc3 6. bxc3 Bg7 7. Nf3 c5 8.
Be3 Qa5 9. Qd2 Nc6 10. Rb1 O-O 11. Rb5 Qc7 12. d5 Ne5 13. Rxc5 Nxf3+ 14. gxf3
Qd7 15. Bd4 b6 16. Rb5 Ba6 17. Rb3 Bxf1 18. Kxf1 Qh3+ 19. Ke2 Rac8 20. Bxg7 Kxg7
21. Qf4 Qd7 22. Rd1 Qa4 23. Rd2 Qa6+ 24. Ke1 Kg8 25. Qe3 Rc5 26. Qd3 b5 27. d6
exd6 28. Qxd6 Qc8 29. Qd7 Qb8 30. Qd6 Qc8 31. Qd7 Qb8 32. Qd6 Qc8 1/2-1/2

[Event "70th ch-RUS 2017"]
[Site "St Petersburg RUS"]
[Date "2017.12.09"]
[Round "6.5"]
[White "Matlakov, Maxim"]
[Black "Vitiugov, Nikita"]
[Result "1/2-1/2"]
[WhiteTitle "GM"]
[BlackTitle "GM"]
[WhiteElo "2735"]
[BlackElo "2722"]
[WhiteFideId "4168003"]
[BlackFideId "4152956"]
[EventDate "2017.12.03"]

1. d4 Nf6 2. c4 e6 3. Nc3 Bb4 4. e3 O-O 5. Bd3 c5 6. Nf3 d5 7. O-O dxc4 8. Bxc4
cxd4 9. exd4 b6 10. Qe2 Bb7 11. Rd1 Nbd7 12. d5 Bxc3 13. dxe6 Bxf3 14. gxf3 fxe6
15. bxc3 Qc7 16. Bxe6+ Kh8 17. Qc4 Qb7 18. Bxd7 Nxd7 19. Qd5 Qxd5 20. Rxd5 Nc5
21. Ba3 Rxf3 22. Bxc5 bxc5 23. Rxc5 Raf8 24. Rc7 Rxf2 25. Rxa7 Rc2 26. Rf1 Rxf1+
27. Kxf1 Kg8 28. Kg1 Rxc3 29. Ra8+ Kf7 30. Ra7+ Kg8 31. Ra8+ Kf7 32. Ra7+ Kg8 1/2-1/2

[Event "70th ch-RUS 2017"]
[Site "St Petersburg RUS"]
[Date "2017.12.09"]
[Round "6.6"]
[White "Fedoseev, Vladimir3"]
[Black "Malakhov, Vladimir"]
[Result "0-1"]
[WhiteTitle "GM"]
[BlackTitle "GM"]
[WhiteElo "2718"]
[BlackElo "2686"]
[WhiteFideId "24130737"]
[BlackFideId "4120787"]
[EventDate "2017.12.03"]

1. d4 d5 2. c4 c6 3. Nf3 Nf6 4. Nc3 dxc4 5. a4 Bf5 6. Nh4 Bc8 7. Nf3 Bf5 8. Ne5
e6 9. f3 Bb4 10. e4 Bxe4 11. fxe4 Nxe4 12. Bd2 Qxd4 13. Nxe4 Qxe4+ 14. Qe2 Bxd2+
15. Kxd2 Qd5+ 16. Kc3 O-O 17. Qe3 b5 18. Be2 Nd7 19. Nxd7 Qxd7 20. axb5 cxb5 21.
Bf3 Rac8 22. Rxa7 b4+ 23. Kc2 Qb5 24. Kb1 g6 25. h4 c3 26. h5 cxb2 27. Kxb2 Rc3
28. Qd4 Rd3 29. Be2 Qxh5 30. Qxd3 Qxh1 31. Bf3 Qe1 32. Qd4 e5 33. Re7 Rc8 34.
Bd1 Qg3 35. Qxb4 Qxg2+ 36. Ka3 Ra8+ 37. Ba4 Qf2 38. Rb7 Kg7 39. Qe4 Qc5+ 40. Kb2
Qf2+ 41. Ka3 Qc5+ 42. Kb2 Rc8 43. Rb5 Qc3+ 44. Ka2 Rc4 45. Qa8 Qd4 46. Kb3 Rc1 0-1

[Event "70th ch-RUS 2017"]
[Site "St Petersburg RUS"]
[Date "2017.12.10"]
[Round "7.1"]
[White "Malakhov, Vladimir"]
[Black "Inarkiev, Ernesto"]
[Result "1/2-1/2"]
[WhiteTitle "GM"]
[BlackTitle "GM"]
[WhiteElo "2686"]
[BlackElo "2689"]
[WhiteFideId "4120787"]
[BlackFideId "4162722"]
[EventDate "2017.12.03"]

1. Nf3 d5 2. b3 Nf6 3. Bb2 e6 4. e3 Be7 5. d4 O-O 6. Bd3 c5 7. O-O Nc6 8. Nbd2
b6 9. c4 Bb7 10. Rc1 dxc4 11. bxc4 Re8 12. Qe2 Qc7 13. Rfd1 Rad8 14. Bb1 cxd4
15. exd4 Qf4 16. Nf1 Bd6 17. Ng3 Bb8 18. Bc3 Ne7 19. Ne5 Ng6 20. Nxg6 hxg6 21.
a4 Nh5 22. Re1 Qh4 23. Be4 Bxg3 24. hxg3 Qxe4 25. Qxe4 Bxe4 26. Rxe4 Nf6 27. Re3
Rc8 28. Bb2 Rc6 29. f3 Rec8 30. Rec3 Ne8 31. g4 f6 32. Kf2 Kf7 33. Ke3 g5 34.
Kd3 Rd8 35. Rb3 Nd6 36. Rbc3 Nb7 37. Ke3 Rdc8 38. Ba3 Na5 39. Kd3 Nb7 40. Bb4
R6c7 41. c5 bxc5 42. Bxc5 a6 43. Bb4 Rxc3+ 44. Rxc3 Rxc3+ 45. Kxc3 Ke8 46. Kc4
Kd7 47. d5 e5 48. Bf8 g6 49. Bb4 f5 50. Bf8 Nd6+ 51. Kc5 Ne8 52. gxf5 gxf5 53.
a5 g4 54. fxg4 fxg4 55. Kb6 Nc7 56. d6 Ne6 57. Be7 e4 58. Kxa6 Kc6 59. Ka7 e3
60. a6 Nc5 61. Bh4 e2 62. Be1 Nd7 63. Ka8 Nb6+ 64. Kb8 Nd7+ 65. Kc8 Nb6+ 66. Kb8 1/2-1/2

[Event "70th ch-RUS 2017"]
[Site "St Petersburg RUS"]
[Date "2017.12.10"]
[Round "7.2"]
[White "Vitiugov, Nikita"]
[Black "Fedoseev, Vladimir3"]
[Result "1-0"]
[WhiteTitle "GM"]
[BlackTitle "GM"]
[WhiteElo "2722"]
[BlackElo "2718"]
[WhiteFideId "4152956"]
[BlackFideId "24130737"]
[EventDate "2017.12.03"]

1. d4 d5 2. c4 c6 3. Nc3 Nf6 4. e3 a6 5. Nf3 Bf5 6. Qb3 Ra7 7. Nh4 Bc8 8. Qc2 e6
9. Nf3 dxc4 10. Bxc4 c5 11. dxc5 Bxc5 12. e4 Nc6 13. O-O Nb4 14. Qe2 b5 15. a3
Nc6 16. Ba2 O-O 17. e5 Nd5 18. Nxd5 exd5 19. Bb1 Qb6 20. Qc2 f5 21. exf6 g6 22.
Ba2 Bf5 23. Bxd5+ Kh8 24. Qe2 Rd7 25. Bxc6 Qxc6 26. Bh6 Bd3 27. Qe5 Bd6 28. Bg7+ 1-0

[Event "70th ch-RUS 2017"]
[Site "St Petersburg RUS"]
[Date "2017.12.10"]
[Round "7.3"]
[White "Dubov, Daniil"]
[Black "Matlakov, Maxim"]
[Result "1/2-1/2"]
[WhiteTitle "GM"]
[BlackTitle "GM"]
[WhiteElo "2683"]
[BlackElo "2735"]
[WhiteFideId "24126055"]
[BlackFideId "4168003"]
[EventDate "2017.12.03"]

1. d4 Nf6 2. c4 e6 3. Nf3 d5 4. g3 Bb4+ 5. Bd2 Bd6 6. Nc3 O-O 7. Qb3 c6 8. Bg2
Nbd7 9. O-O h6 10. Rad1 Re8 11. Bc1 dxc4 12. Qxc4 Qe7 13. Nh4 Nb6 14. Qb3 e5 15.
Ng6 Qc7 16. dxe5 Bxe5 17. Nxe5 Qxe5 18. e4 Qh5 19. f3 Be6 20. Qb4 Nfd7 21. g4
Qh4 22. Qd4 Rad8 23. Bf4 Nf8 24. Qe3 Nc4 25. Qc1 Ng6 26. Bg3 Qf6 27. b3 Nce5 28.
Qe3 Nh4 29. Bxh4 Qxh4 30. Qxa7 h5 31. gxh5 Nd3 32. Ne2 Rd7 33. Qe3 Red8 34. Rd2
Nf4 35. Rxd7 Nxe2+ 36. Qxe2 Rxd7 37. f4 Bh3 38. Bxh3 Qxh3 39. e5 Rd3 40. h6 Re3
41. Qf2 g6 42. Qg2 Qxh6 43. Qg4 Qf8 44. Qg5 Qc5 45. Qd8+ Kg7 46. Qf6+ Kg8 1/2-1/2

[Event "70th ch-RUS 2017"]
[Site "St Petersburg RUS"]
[Date "2017.12.10"]
[Round "7.4"]
[White "Volkov, Sergey"]
[Black "Sjugirov, Sanan"]
[Result "1-0"]
[WhiteTitle "GM"]
[BlackTitle "GM"]
[WhiteElo "2645"]
[BlackElo "2650"]
[WhiteFideId "4122763"]
[BlackFideId "4189302"]
[EventDate "2017.12.03"]

1. d4 Nf6 2. c4 e6 3. Nc3 Bb4 4. f3 O-O 5. a3 Bxc3+ 6. bxc3 Nh5 7. Nh3 f5 8. e4
fxe4 9. Be2 Nf6 10. O-O d6 11. Ng5 exf3 12. Bxf3 h6 13. Ne4 Nbd7 14. Bf4 Qe8 15.
Qd2 Rb8 16. Rae1 Qg6 17. c5 e5 18. Nxf6+ Rxf6 19. Bg3 Kh8 20. Bh4 Rf8 21. Qe2
Nf6 22. Bh5 Qh7 23. dxe5 dxe5 24. Qxe5 Bd7 25. Rxf6 gxf6 26. Bxf6+ Rxf6 27.
Qxf6+ Kg8 28. Rf1 1-0

[Event "70th ch-RUS 2017"]
[Site "St Petersburg RUS"]
[Date "2017.12.10"]
[Round "7.5"]
[White "Svidler, Peter"]
[Black "Tomashevsky, Evgeny"]
[Result "1/2-1/2"]
[WhiteTitle "GM"]
[BlackTitle "GM"]
[WhiteElo "2765"]
[BlackElo "2713"]
[WhiteFideId "4102142"]
[BlackFideId "4147235"]
[EventDate "2017.12.03"]

1. e4 e5 2. Nf3 Nc6 3. Bb5 a6 4. Ba4 Nf6 5. O-O Be7 6. d3 b5 7. Bb3 d6 8. a4 Bd7
9. c3 O-O 10. Bc2 Re8 11. Nbd2 Bf8 12. Re1 h6 13. h3 Ne7 14. d4 Ng6 15. Nf1 c5
16. Ng3 Qc7 17. Be3 Qb7 18. d5 Reb8 19. Qd2 Be7 20. b3 Qc8 21. Bd3 Bd8 22. a5
Be7 23. c4 bxc4 24. Bxc4 Bb5 25. Qc2 Bxc4 26. bxc4 Bd8 27. Bd2 Rb7 28. Nf5 Qd7
29. Bc3 Rab8 30. g3 Ne8 31. Kg2 Bf6 32. Reb1 Ne7 33. Nxe7+ Qxe7 34. Rxb7 Qxb7
35. Nd2 Qc7 36. Rb1 Rxb1 37. Qxb1 Bd8 38. f4 exf4 39. gxf4 Bf6 40. Qa1 Bxc3 41.
Qxc3 Nf6 42. e5 1/2-1/2

[Event "70th ch-RUS 2017"]
[Site "St Petersburg RUS"]
[Date "2017.12.10"]
[Round "7.6"]
[White "Romanov, Evgeny"]
[Black "Riazantsev, Alexander"]
[Result "1/2-1/2"]
[WhiteTitle "GM"]
[BlackTitle "GM"]
[WhiteElo "2626"]
[BlackElo "2650"]
[WhiteFideId "4148843"]
[BlackFideId "4125029"]
[EventDate "2017.12.03"]

1. c4 Nf6 2. Nc3 e6 3. e4 d5 4. e5 d4 5. exf6 dxc3 6. bxc3 Qxf6 7. Nf3 Nc6 8.
Bd3 Ne5 9. Be4 Nxf3+ 10. Bxf3 Qe5+ 11. Kf1 Qa5 12. a4 Rb8 13. Qb3 Bd7 14. d4 Be7
15. g3 O-O 16. Kg2 Bc6 17. Re1 Bxf3+ 18. Kxf3 b6 19. Kg2 Bd6 20. Bd2 c6 21. Re4
Rfd8 22. Rae1 h6 23. R1e2 Qf5 24. h4 Qg6 25. Qd1 c5 26. Re1 cxd4 27. cxd4 Rbc8
28. Qe2 a5 29. Rg4 Qh7 30. Bc1 Rd7 31. Bb2 Re8 32. h5 Qf5 33. d5 e5 34. Re4 Rde7
35. g4 Qd7 36. Qf3 f6 37. Qf5 Bb4 38. Qxd7 Rxd7 39. Rc1 Rf8 40. f3 Bd6 41. Rb1
f5 42. gxf5 Rxf5 43. Bc3 Bc7 44. Rh1 Rdf7 45. Rh3 Bd6 46. Bd2 Bc5 47. Bc3 Bd6
48. Bd2 Bc5 49. Bc3 1/2-1/2

[Event "70th ch-RUS 2017"]
[Site "St Petersburg RUS"]
[Date "2017.12.11"]
[Round "8.1"]
[White "Inarkiev, Ernesto"]
[Black "Riazantsev, Alexander"]
[Result "1/2-1/2"]
[WhiteTitle "GM"]
[BlackTitle "GM"]
[WhiteElo "2689"]
[BlackElo "2650"]
[WhiteFideId "4162722"]
[BlackFideId "4125029"]
[EventDate "2017.12.03"]

1. e4 c6 2. d4 d5 3. e5 Bf5 4. Nf3 e6 5. Be2 c5 6. Be3 Qb6 7. Nc3 Nc6 8. O-O
Qxb2 9. Qe1 cxd4 10. Bxd4 Nxd4 11. Nxd4 Bb4 12. Rb1 Bxc3 13. Rxb2 Bxe1 14. Rxe1
b6 15. Bb5+ Kf8 16. Nxf5 exf5 17. Rb3 Rc8 18. Ra3 a5 19. Bd3 Ne7 20. Rb1 Rc6 21.
Rab3 Ng6 22. Rxb6 Rxb6 23. Rxb6 Ke7 24. Kf1 Nxe5 25. Ke2 f4 26. Ra6 Rb8 27. Rxa5
Kd6 28. Ra4 Re8 29. Bb5 Re7 30. Ra8 g5 31. Rd8+ Kc5 32. Re8 Re6 33. a4 Nc6+ 34.
Rxe6 fxe6 35. c3 e5 36. h4 gxh4 37. Kf3 h5 38. Bd3 Na5 39. Bg6 Kc4 40. Bxh5 Kxc3
41. Kg4 Kb4 42. Kxh4 Kxa4 43. Bf3 d4 44. Kg4 Kb4 45. Kf5 Nc4 46. Be2 Kc5 47. Ke4
Nb2 48. Kxe5 d3 49. Bf3 d2 50. Kxf4 d1=Q 51. Bxd1 Nxd1 52. f3 Kd5 53. Kg5 Ke6
54. f4 Ne3 55. g4 Kf7 1/2-1/2

[Event "70th ch-RUS 2017"]
[Site "St Petersburg RUS"]
[Date "2017.12.11"]
[Round "8.2"]
[White "Tomashevsky, Evgeny"]
[Black "Romanov, Evgeny"]
[Result "1/2-1/2"]
[WhiteTitle "GM"]
[BlackTitle "GM"]
[WhiteElo "2713"]
[BlackElo "2626"]
[WhiteFideId "4147235"]
[BlackFideId "4148843"]
[EventDate "2017.12.03"]

1. Nf3 d5 2. g3 c6 3. Bg2 Nf6 4. O-O Bg4 5. h3 Bxf3 6. Bxf3 e5 7. d3 Nbd7 8. e4
Bd6 9. Nc3 dxe4 10. Nxe4 Nxe4 11. dxe4 Qe7 12. Qe2 O-O 13. h4 a5 14. a4 h6 15.
Rd1 Rfd8 16. Bd2 Bb4 17. c3 Bc5 18. Be1 Nf6 19. Rxd8+ Rxd8 20. Qc4 h5 21. Rd1
Ba7 22. Rxd8+ Qxd8 23. Qe2 g6 24. Qd2 Qe7 25. Kg2 Bb6 26. Qc2 Kg7 27. Be2 Ng4
28. Qd3 Qe6 29. Qc4 Qf6 30. Bf3 Nh2 31. Bd1 Ng4 32. Bf3 Nh2 33. Bd1 Ng4 34. Bxg4
hxg4 35. Qe2 Qe6 36. c4 Qd7 37. Bc3 f6 38. b3 Bd8 39. f3 gxf3+ 40. Qxf3 b5 41.
Qe3 b4 42. Be1 Be7 43. Bf2 Qd1 44. Qa7 Kf7 45. Bc5 Qe2+ 46. Kh3 Qf1+ 47. Kh2 1/2-1/2

[Event "70th ch-RUS 2017"]
[Site "St Petersburg RUS"]
[Date "2017.12.11"]
[Round "8.3"]
[White "Sjugirov, Sanan"]
[Black "Svidler, Peter"]
[Result "1/2-1/2"]
[WhiteTitle "GM"]
[BlackTitle "GM"]
[WhiteElo "2650"]
[BlackElo "2765"]
[WhiteFideId "4189302"]
[BlackFideId "4102142"]
[EventDate "2017.12.03"]

1. d4 Nf6 2. c4 g6 3. Nc3 d5 4. cxd5 Nxd5 5. e4 Nxc3 6. bxc3 Bg7 7. Nf3 c5 8.
Be3 Qa5 9. Qd2 O-O 10. Rc1 Rd8 11. Be2 cxd4 12. cxd4 Qxd2+ 13. Bxd2 Na6 14. d5
Bd7 15. O-O Rac8 16. Be3 Nb4 17. Rxc8 Bxc8 18. Bc4 b6 19. Rc1 Ba6 20. Bxa6 Nxa6
21. g4 f5 22. Ng5 fxe4 23. Ne6 Ra8 24. Rc4 Be5 25. Ra4 Nc7 26. Rxe4 Nxe6 27.
dxe6 Bd6 28. Ra4 Bc5 29. Bxc5 bxc5 30. g5 Rc8 31. Rxa7 c4 32. Rd7 Rc6 33. Kf1
Rxe6 34. Rc7 Ra6 35. Rxc4 Rxa2 1/2-1/2

[Event "70th ch-RUS 2017"]
[Site "St Petersburg RUS"]
[Date "2017.12.11"]
[Round "8.4"]
[White "Matlakov, Maxim"]
[Black "Volkov, Sergey"]
[Result "0-1"]
[WhiteTitle "GM"]
[BlackTitle "GM"]
[WhiteElo "2735"]
[BlackElo "2645"]
[WhiteFideId "4168003"]
[BlackFideId "4122763"]
[EventDate "2017.12.03"]

1. d4 d5 2. c4 c6 3. Nf3 Nf6 4. Nc3 a6 5. e3 b5 6. b3 Bg4 7. Be2 Nbd7 8. h3 Bf5
9. g4 Bg6 10. Ne5 Nxe5 11. dxe5 Nd7 12. cxd5 cxd5 13. e6 fxe6 14. Bb2 Qb6 15. h4
Qd6 16. Rc1 Rd8 17. Qd4 h5 18. gxh5 Bxh5 19. e4 Qf4 20. Bxh5+ Rxh5 21. Ne2 Qf3
22. Ng3 Ne5 23. Rc3 Qg4 24. Qd1 Rxh4 25. Rxh4 Qxh4 26. exd5 exd5 27. Re3 Ng4 28.
Rf3 Nf6 29. Qc2 Qg4 30. Re3 d4 31. Qc6+ Kf7 32. Rd3 e5 33. Qxa6 e4 34. Rxd4 Rxd4
35. Bxd4 Bb4+ 36. Kf1 Qd1+ 37. Kg2 Qxd4 38. Qxb5 Bc5 39. Qe2 Qd3 40. a4 Qxe2 41.
Nxe2 Ke6 42. a5 Nd5 43. Kg3 Ke5 0-1